Les vieux auteurs castillans / (Record no. 162766)

MARC details
000 -LEADER
campo de control de longitud fija 00983nam a2200205 i 4500
001 - NÚMERO DE CONTROL
campo de control 162766
003 - IDENTIFICADOR DE NÚMERO DE CONTROL
campo de control ES-MaACL
005 - FECHA Y HORA DE LA ÚLTIMA TRANSACCIÓN
campo de control 20230906212611.0
008 - DATOS DE LONGITUD FIJA--INFORMACIÓN GENERAL
campo de control de longitud fija 951121m18611862fr |||| | fre d
080 ## - NÚMERO DE LA CLASIFICACIÓN DECIMAL UNIVERSAL
Número de la Clasificación Decimal Universal 821.134.2.09"12/14"
100 1# - ENTRADA PRINCIPAL--NOMBRE DE PERSONA
Nombre de persona Puymaigre, Théodore Boudet
Títulos y otros términos asociados al nombre Comte.
9 (RLIN) 147926
245 10 - MENCIÓN DEL TÍTULO
Título Les vieux auteurs castillans /
Mención de responsabilidad, etc. par le Comte Th. de Puymaigre.
260 ## - PUBLICACIÓN, DISTRIBUCIÓN, ETC.
Lugar de publicación, distribución, etc. Paris :
Nombre del editor, distribuidor, etc. Didier et Cie.,
Fecha de publicación, distribución, etc. 1861-1862.
300 ## - DESCRIPCIÓN FÍSICA
Extensión 2 v. (XIV, 490; 494 p.) ;
Dimensiones 19 cm.
505 8# - NOTA DE CONTENIDO CON FORMATO
Nota de contenido con formato Contiene: 1 ;
Título Introduction, poèmes et chroniques sur le Cid, Apollonius, Gonzalo de Berceo, Lorenzo Segura, Alfonse X (XIV, 490 p.) - 2 ;
-- Juan Manuel, L'Archiprête de Hita, Écrivains divers, Amadis, Ayala, romances historiques, carlovingiens, chevaleresques (494 p.)
510 4# - NOTA DE CITAS O REFERENCIAS BIBLIOGRÁFICAS
Nombre de la fuente Palau,
Localización dentro de la fuente 242448
594 ## - Nota al título y mención de responsabilidad
Nota al título y mención de responsabilidad V. 2 publicado además por: Metz: Rousseau-Pallez.
650 #4 - PUNTO DE ACCESO ADICIONAL DE MATERIA--TÉRMINO DE MATERIA
Término de materia o nombre geográfico como elemento de entrada Literatura española-
Subdivisión cronológica Hasta S.XV-
Subdivisión general Historia y crítica.
9 (RLIN) 147212
852 ## - LOCALIZACIÓN
Ubicación ES-MaACL
Número de control de estantería G-15314-15
Nota libre - Enc. hol.
Holdings
Estatus retirado Estado de pérdida Estado de daño No para préstamo Colección Biblioteca de origen Biblioteca actual Ubicación en estantería Fecha de adquisición Total de préstamos Signatura topográfica completa Código de barras Visto por última vez Precio de reemplazo Tipo de ítem Koha
        Libros del s. XIX Biblioteca del Ateneo de Madrid Biblioteca del Ateneo de Madrid Sala Pecera Planta 3 17/01/2008   G-15314-15 1170533 23/02/2023 23/02/2023 Libro impreso antiguo